000 00882nam a2200241 a 4500
001 BRCA_4805
005 20190320204820.0
008 111010s2001----sp-#######---#000-0#spa-#
020 _a8488333501
041 _aspa
044 _asp
050 4 _aPQ6354
_b.M37 2001
100 1 _aMartín Jiménez, Alfonso
_912174
245 1 0 _aEl Quijote de Cervantes y el Quijote de Pasamonte
_buna imitación recíproca : la vida de Pasamonte y Avellaneda
_cAlfonso Martín Jiménez.
260 _aEspaña
_bCentro de Estudios Cervantinos
_c2001
300 _a450 p.
_c22 cm.
440 0 _aBiblioteca de Estudios Cervantinos
_v8
_912175
504 _aBibliografía: p. [443]-450
600 1 4 _aFernández de Avellaneda, Alonso
_tSegundo tomo del ingenioso hidalgo Don Quixote de la Mancha
_912176
650 1 4 _aHistoria moderna
_xHistoria y crítica
_912177
902 _aCERV
942 _2lcc
_cB
999 _c4502
_d4502